Primary Fighting Type Pokémon - Statistics

General Stats
  • This quiz has been taken 34 times
    17 since last reset
  • The average score is 18 of 22
Answer Stats
Region Number Secondary Type Answer % Correct
Alola 0740 Ice Crabominable
92%
0701 Flying Hawlucha
92%
0308 Psychic Medicham
92%
0308 Psychic Mega Medicham
92%
0892 Water Gigantamax Urshifu (Rapid Strike Style)
85%
0892 Dark Gigantamax Urshifu (Single Strike Style)
85%
Sinnoh 0448 Steel Lucario
85%
Hoenn 0307 Psychic Meditite
85%
0448 Steel Mega Lucario
85%
Kalos 0675 Dark Pangoro
85%
Kanto 0128 Fire Tauros (Paldean Aqua)
85%
0128 Water Tauros (Paldean Blaze)
85%
0892 Water Urshifu (Rapid Strike Style)
85%
0892 Dark Urshifu (Single Strike Style)
85%
Paldea 0979 Ghost Annihilape
77%
1007 Dragon Koraidon
77%
0802 Ghost Marshadow
77%
Johto 0215 Poison Sneasel (Hisuian Form)
77%
Hisui 0903 Poison Sneasler
77%
0145 Flying Zapdos (Galarian Form)
77%
0992 Electric Iron Hands
69%
Galar 0889 Steel Zamazenta (Crowned Shield)
62%
No matching quizzes found
Score Distribution
Percent of People with Each Score
Percentile by Number Answered
Your Score History
You have not taken this quiz since the last reset